Loading...
Letters to Milena
| Main Author: | |
|---|---|
| Format: | Printed Book |
| Published: |
England
Penguin Books
1983
|
| Subjects: |
| LEADER | 00435nam a2200157 4500 | ||
|---|---|---|---|
| 082 | |a 836 KAF-L | ||
| 100 | |a Kafka, Franz | ||
| 245 | |a Letters to Milena | ||
| 250 | |||
| 260 | |a England |b Penguin Books |c 1983 | ||
| 300 | |||
| 490 | |||
| 650 | |a German letters-- Literature | ||
| 942 | |c BK | ||
| 999 | |c 226296 |d 226296 | ||
| 952 | |0 0 |1 0 |4 0 |6 836_000000000000000_KAFL |7 0 |9 240429 |a SDE |b SDE |d 2019-12-12 |l 0 |o 836 KAF-L |p SDE5629 |r 2019-12-12 |w 2019-12-12 |y BK | ||